|
|
|
|
| LEADER |
00000nam0a2200000 4500 |
| 001 |
160187 |
| 005 |
20231101222153.0 |
| 010 |
|
|
|a 9785911343040
|
| 035 |
|
|
|a (RuTPU)RU\TPU\book\173718
|
| 035 |
|
|
|a RU\TPU\book\131138
|
| 090 |
|
|
|a 160187
|
| 100 |
|
|
|a 20070910d2009 m y0rusy50 ca
|
| 101 |
0 |
|
|a rus
|
| 102 |
|
|
|a RU
|
| 105 |
|
|
|a a j 001zy
|
| 200 |
1 |
|
|a Химия и технология нефти и газа
|e учебное пособие для среднего профессионального образования
|f С. В. Вержичинская, Н. Г. Дигуров, С. А. Синицин
|
| 205 |
|
|
|a 2-е изд., испр. и доп.
|
| 210 |
|
|
|a Москва
|c Форум
|d 2009
|
| 215 |
|
|
|a 400 с.
|c ил.
|
| 225 |
1 |
|
|a Профессиональное образование
|
| 320 |
|
|
|a Библиогр.: с. 392-393.
|
| 330 |
|
|
|a Изложен комплекс вопросов, относящихся к автоматизации и диспетчеризации шахт. Составлен перечень функций, реализуемых в системах оперативно-диспетчерского управления для всех технологических процессов, комплексов и установок на шахтах, как под землей, так и на поверхности. Приведен перечень нормативно-технической документации, необходимый для проектирования, конструирования, изготовления и эксплуатации технических и программных средств автоматизации. Составлен обзор изделий российского рынка. Для каждого изделия приведены основные технические характеристики, описаны преимущества конструктивных и схемотехнических решений. Изделия классифицированы по применению в шахтных комплексах и установках. Составлен список фирм-изготовителей и ведущих фирм поставщиков. Разработаны методические рекомендации по использованию материалов каталога при создании АСУ и АСДУ. Приведены материалы по оценке рисков отказа оборудования при использовании средств шахтной автоматики.Каталог предназначен для инженерно-технических работников, занятых в области проектирования, конструирования, производства, внедрения и эксплуатации систем автоматизации и оперативно-диспетчерского управления угольных шахт, а также специалистов по комплектации и поставкам этого оборудования на шахты. Рекомендуется в качестве информационных материалов при обучении студентов.Приведенные в каталоге сведения основаны на информации производителей средств автоматизации или организаций, представляющих их интересы на российском рынке, а также материалах международных выставок и ярмарок.
|
| 451 |
|
1 |
|0 (RuTPU)RU\TPU\book\131138
|y 978-5-91134-025-4
|t Химия и технология нефти и газа
|o учебное пособие для среднего профессионального образования
|f С. В. Вержичинская, Н. Г. Дигуров, С. А. Синицин
|c М.
|n Инфра-М
|d 2007
|p 400 с.
|s Профессиональное образование
|a Вержичинская, Светлана Владимировна
|
| 606 |
1 |
|
|a Нефть
|x Технология
|2 stltpush
|3 (RuTPU)RU\TPU\subj\33713
|9 55869
|
| 610 |
1 |
|
|a химия
|
| 610 |
1 |
|
|a нефтехимия
|
| 610 |
1 |
|
|a природный газ
|
| 610 |
1 |
|
|a углеводородные газы
|
| 610 |
1 |
|
|a переработка
|
| 610 |
1 |
|
|a первичная переработка
|
| 610 |
1 |
|
|a химические процессы
|
| 610 |
1 |
|
|a термические процессы
|
| 610 |
1 |
|
|a термокаталитические процессы
|
| 610 |
1 |
|
|a гидрогенизационные процессы
|
| 610 |
1 |
|
|a масла
|
| 610 |
1 |
|
|a производство
|
| 610 |
1 |
|
|a синтетическое жидкое топливо
|
| 610 |
1 |
|
|a нефтеперерабатывающие заводы
|
| 610 |
1 |
|
|a оборудование
|
| 610 |
1 |
|
|a расчет
|
| 610 |
1 |
|
|a проектирование
|
| 610 |
1 |
|
|a нефтяное сырье
|
| 610 |
1 |
|
|a учебные пособия
|
| 675 |
|
|
|a 665.6(075.32)
|v 3
|
| 700 |
|
1 |
|a Вержичинская
|b С. В.
|g Светлана Владимировна
|
| 701 |
|
1 |
|a Дигуров
|b Н. Г.
|g Николай Гаппоевич
|
| 701 |
|
1 |
|a Синицин
|b С. А.
|g Сергей Александрович
|
| 801 |
|
1 |
|a RU
|b 63413507
|c 20090519
|g PSBO
|
| 801 |
|
2 |
|a RU
|b 63413507
|c 20210608
|g PSBO
|
| 900 |
|
|
|a Химия нефти и газа
|
| 900 |
|
|
|a Физико-химические методы исследования материалов, реагентов и углеводородных систем
|
| 900 |
|
|
|a Химия и технология сырья и мономеров
|
| 900 |
|
|
|a Химия природных энергоносителей и углеродных материалов
|
| 900 |
|
|
|a Моделирование сложных многокомпонентных химических процессов
|
| 900 |
|
|
|a Технология и математическое моделирование многокомпонентных массобменных и химических процессов
|
| 942 |
|
|
|c BK
|
| 959 |
|
|
|a 58/20090508
|d 13
|e 178,40
|f АНЛ:1
|f ЧЗТЛ:2
|f УФ:10
|